Podnikatelský záměr

Potreba skorej a kvalitnej prípravy potrebných rozhodnutí a pružný postup pri ich uskutočňovaní. Rozhodnutie o voľbe, cieľoch, predpokladoch a vhodných spôsoboch realizácie podnikateľskej akcie. Obsahová náplň a štruktúra podnikateľského zámeru: stanovenie podnikateľských cieľov, rozbor trhových pod...

Full description

Saved in:
Bibliographic Details
Main Author: Vodáček, Leo
Other Authors: Vodačkova, Ol'ga
Format: Book Chapter
Language:Czech
Subjects:
Tags: Add Tag
No Tags, Be the first to tag this record!

MARC

LEADER 00000naa a2200000 4500
001 r004313
005 20221125074304.6
041 0 |a cze 
044 |a CS 
245 1 0 |a Podnikatelský záměr  |c Leo Vodáček, O. Vodáčková 
520 |a Potreba skorej a kvalitnej prípravy potrebných rozhodnutí a pružný postup pri ich uskutočňovaní. Rozhodnutie o voľbe, cieľoch, predpokladoch a vhodných spôsoboch realizácie podnikateľskej akcie. Obsahová náplň a štruktúra podnikateľského zámeru: stanovenie podnikateľských cieľov, rozbor trhových podmienok, marketingové rozbory, organizačné a personálne zabezpečenie. 
610 2 0 |a podnikanie 
610 2 0 |a ciele podnikové 
610 2 0 |a rozhodovanie podnikové 
610 2 0 |a mechanizmus trhový 
610 2 0 |a marketing 
610 2 0 |a zabezpečenie organizačné 
610 2 0 |a riadenie podnikové 
100 1 |a Vodáček, Leo 
700 1 |a Vodačkova, Ol'ga